|
|
|
|
| LEADER |
02007nam a2200529 i 4500 |
| 001 |
nkc20203255054 |
| 003 |
CZ PrNK |
| 005 |
20210105125024.0 |
| 007 |
ta |
| 008 |
200923s2020 xr a e f 000 0 cze |
| 020 |
|
|
|a 978-80-88354-03-1
|q (brožováno)
|
| 040 |
|
|
|a OLA001
|b cze
|d ABA001
|e rda
|
| 072 |
|
7 |
|a 615.8
|x Fyzioterapie. Psychoterapie. Alternativní lékařství
|2 Konspekt
|9 14
|
| 080 |
|
|
|a 615.8
|2 MRF
|
| 080 |
|
|
|a 616-082.8
|2 MRF
|
| 080 |
|
|
|a 616.12-089
|2 MRF
|
| 080 |
|
|
|a (036)
|2 MRF
|
| 100 |
1 |
|
|a Fráňová, Lenka
|4 aut
|
| 245 |
1 |
0 |
|a Rekonvalescence po kardiochirurgické operaci /
|c autoři: Lenka Fráňová, Andrea Motyčková, Mariana Zádrapová, Lenka Grasslová
|
| 250 |
|
|
|a Vydání: 1
|
| 264 |
|
1 |
|a Ostrava :
|b Fakultní nemocnice,
|c 2020
|
| 300 |
|
|
|a 11 stran :
|b barevné ilustrace ;
|c 21 cm
|
| 336 |
|
|
|a text
|b txt
|2 rdacontent
|
| 336 |
|
|
|a statický obraz
|b sti
|2 rdacontent
|
| 337 |
|
|
|a bez média
|b n
|2 rdamedia
|
| 338 |
|
|
|a svazek
|b nc
|2 rdacarrier
|
| 500 |
|
|
|a Název z obálky
|
| 500 |
|
|
|a Nad názvem: Klinika léčebné rehabilitace
|
| 500 |
|
|
|a 500 výtisků
|
| 650 |
0 |
7 |
|a léčebná rehabilitace
|7 ph122527
|2 czenas
|
| 650 |
0 |
7 |
|a následná péče
|7 ph615805
|2 czenas
|
| 650 |
0 |
7 |
|a operace srdce
|7 ph134950
|2 czenas
|
| 650 |
0 |
9 |
|a therapeutic rehabilitation
|2 eczenas
|
| 650 |
0 |
9 |
|a aftercare facilities
|2 eczenas
|
| 650 |
0 |
9 |
|a heart surgery
|2 eczenas
|
| 655 |
|
7 |
|a informační publikace
|7 fd132454
|2 czenas
|
| 655 |
|
9 |
|a information publications
|2 eczenas
|
| 700 |
1 |
|
|a Motyčková, Andrea
|4 aut
|
| 700 |
1 |
|
|a Zádrapová, Mariana
|7 osa2017941695
|4 aut
|
| 700 |
1 |
|
|a Grasslová, Lenka
|7 osa2017941698
|4 aut
|
| 710 |
2 |
|
|a Fakultní nemocnice (Ostrava, Česko).
|b Klinika léčebné rehabilitace
|7 ko2015856775
|4 res
|
| 910 |
2 |
|
|a BOA001
|b 2-1455.924
|
| 928 |
9 |
|
|a Fakultní nemocnice Ostrava
|
| 990 |
|
|
|a BK
|
| 995 |
|
|
|a 11
|
| 991 |
|
|
|b 202101
|c NOV
|
| 996 |
6 |
|
|b 2610846485
|c 2-1455.924
|l MZK
|r Sklad / do 1 hodiny
|n 0
|p p.v.
|w 001835229
|u 000010
|a 1
|e BOA001
|j MZK50
|s P
|